000 01312nam2a22002651 4500
001 RU\NLR\INFOCOMM10\1000145947
005 20040206141002.0
035 _a(NLR Aleph) 002751610
090 _a2147327
_c2147327
100 _a20040206d1983 |||y0rusy50 ca
101 0 _arus
102 _aRU
105 _ay |||||||||
200 1 _aОрганизация капитального строительства при освоении газодобывающих районов севера Тюменской области
_fНанивская, В.Г., Пленкина, В.В.
210 _d1983
461 0 _1001RU\NLR\INFOCOMM10\1000145852
_12001#$aГазовая промышленность$iСерия "Экономика, организация и управление в газовой промышленности"$v1983, Вып.14
_92146477
_cМ.
_d1976-
_iСерия "Экономика, организация и управление в газовой промышленности"
_tГазовая промышленность
_v1983, Вып.14
700 1 _aНанивская
_bВ. Г.
_4070
701 1 _aПленкина
_bВ. В.
_4070
801 0 _aRU
_bNLR
_gPSBO
801 1 _aRU
_bInfoComm
_c20040206
852 _aNLR
_jП22/4514
942 _cISSUE
980 _aNB
980 _aRUSPER